| 000 | 00551cab a2200205 4500 | ||
|---|---|---|---|
| 001 | WB2421-52 | ||
| 008 | 090401t1988 xxu||||| |||| 00| 0 eng d | ||
| 035 | _a(Sirsi) u25618 | ||
| 041 | _aeng | ||
| 245 | _aSheffield | ||
| 260 | _c1988 | ||
| 350 | _a0 | ||
| 490 |
_aTimes _v24/5/88 pp31-35(5) LOAN |
||
| 520 | _aFocus on the Sheffield economy includes a section on its task as host to the World Student Games in 1991. | ||
| 650 | _aLOWER DON VALLEY | ||
| 650 | _aYORKSHIRE | ||
| 690 | _aSPECIAL REPORTS | ||
| 942 | _n0 | ||
| 948 | _c04/03/1997 | ||
| 999 |
_c17211 _d17211 |
||